Country by Previous Flag - Statistics

General Stats
  • This quiz has been taken 173 times
    166 since last reset
  • The average score is 89 of 196
Answer Stats
Picture Hint Answer % Correct
1500-present (N/A) D{enmark}
98%
1707-1801 U{nited K{ingdom}
82%
1803-1889 S{witzerland}
78%
1825-1950 P{eru}
70%
1828-1830 U{ruguay}
66%
1830-1831 B{elgium}
65%
1844-1936 T{urkey}
65%
1848-1906 C{osta} R{ica}
64%
1844-1905* S{weden}
63%
1867-1869 N{ew} Z{ealand}
62%
1844-1899 N{orway}
62%
1850-1861 A{rgentina}
61%
1827-1847 L{iberia}
61%
1862-2011 S{an} M{arino}
61%
1831-1999 T{unisia}
61%
1931-1947 I{ndia}
59%
1930*-1962 N{epal}
59%
1925-2017 P{anama}
59%
1900-2009 E{cuador}
58%
1934-1958 M{exico}
58%
1938-1973 S{audi} A{rabia}
58%
1918-1944 I{celand}
57%
1903-1908 A{ustralia}
56%
1861-1861 C{olombia}
56%
1861-1865 D{ominican} R{epublic}
56%
1920-1943 L{ebanon}
56%
1909-1959 C{uba}
55%
1937-1982 L{iechtenstein}
55%
1908-1971 N{icaragua}
55%
1917-2017 T{hailand}
55%
1945-1955 A{ustria}
54%
1948-1948 I{srael}
54%
1948-1992 N{orth} K{orea}
54%
1944-1980 P{oland}
54%
1889-1962 T{rinidad} & T{obago}
54%
1955-1976 V{ietnam}
54%
1826-1851 B{olivia}
53%
1960-2006 C{yprus}
53%
1958-1958 J{ordan}
53%
1830-1911 P{ortugal}
53%
1949-1971 Q{atar}
53%
1911-1975 (S__...) S{ão} T{omé} & P{ríncipe}
53%
1951-1972 S{ri} L{anka}
53%
1870-1929 V{atican} C{ity}
53%
1954-2006 V{enezuela}
53%
1962-1990 Y{emen}
53%
1962-1967 A{ntigua} & B{arbuda}
52%
1956-1969 B{hutan}
52%
1928-1949 C{hina}
52%
1900-1912 E{l} S{alvador}
52%
1965-1979 F{ederated} S{tates} of M{icronesia}
52%
1924-1970 F{iji}
52%
1949-2022 H{onduras}
52%
1952-1999 J{apan}
52%
1959-1960 U{nited} S{tates}
52%
1959-1971 A{ndorra}
51%
1956-1957 H{ungary}
51%
1943-1979 K{iribati}
51%
1949-1963 M{alaysia}
51%
1945-1992 S{lovakia}
51%
1950-1971 U{nited} A{rab} E{mirates}
51%
1964-1996 Z{ambia}
51%
1945-1959 B{runei}
50%
1903-1958 C{entral} A{frican} R{epublic}
50%
1972-1984 E{gypt}
50%
1964-1986 H{aiti}
50%
1896-1959 I{vory} C{oast}
50%
1952-1975 L{aos}
50%
1968-1992 B{razil}
49%
1974-2020 F{rance}
49%
1801-1922 I{reland}
49%
1965-1981 P{alau}
49%
1965-1971 P{apua} N{ew} G{uinea}
49%
1962-2001 R{wanda}
49%
1971-1991 B{ulgaria}
48%
1970-1995 O{man}
48%
1992-2002 A{lbania}
47%
1972-2002 B{ahrain}
47%
1971-1972 B{angladesh}
47%
1962-1966 B{arbados}
47%
1967-1982 B{urundi}
47%
1973-1979 E{quatorial} G{uinea}
47%
1968-2011 E{swatini}
47%
1911-1974 G{uinea}-B{issau}
47%
1940-1961 K{uwait}
47%
1959-1961 M{ali}
47%
1965-1979 M{arshall} I{slands}
47%
1959-2017 M{auritania}
47%
1945-1968 N{auru}
47%
1970-1991 R{epublic} of the C{ongo}
47%
1948-1949 S{amoa}
47%
1945-1991 S{lovenia}
47%
1970-2011 S{outh} S{udan}
47%
1977-1981 S{pain}
47%
1914-1962 U{ganda}
47%
1953-1980 V{anuatu}
47%
1992-1998 B{osnia} & H{erzegovina}
46%
1990-1990 C{roatia}
46%
1991-1992 K{azakhstan}
46%
1921-1963 K{enya}
46%
1988-2004 L{ithuania}
46%
1954-1965 M{aldives}
46%
1992-2011 M{ongolia}
46%
1997-2011 S{outh} K{orea}
46%
1985-1985 S{t.} V{incent} & the G{renadines}
46%
1862-1875 T{onga}
46%
1991-1992 U{kraine}
46%
1953-1991 U{zbekistan}
46%
2013-2020 A{fghanistan}
45%
1911-1975 (A_____) A{ngola}
45%
1952-1990 A{rmenia}
45%
1961-1975 C{ameroon}
45%
1975-1992 C{ape} V{erde}
45%
2003-2006 D{emocratic} R{epublic} of the C{ongo}
45%
1964-1980 I{ran}
45%
2004-2008 I{raq}
45%
2003-2006 I{taly}
45%
1992-1995 N{orth} M{acedonia}
45%
1986-1998 P{hilippines}
45%
1991-1993 R{ussia}
45%
1967-1983 S{t.} K{itts} & N{evis}
45%
1979-2002 S{t.} L{ucia}
45%
1895-1945 T{aiwan}
45%
1964-1964 T{anzania}
45%
1979-1980 Z{imbabwe}
45%
1952-1990 A{zerbaijan}
44%
1973-2006 B{ahamas}
44%
1996-2009 E{thiopia}
44%
1953-1990 L{atvia}
44%
1977-2011 L{ibya}
44%
1989-1989 R{omania}
44%
2004-2010 S{erbia}
44%
1889-1961 S{ierra} L{eone}
44%
1995-2012 B{elarus}
43%
1988-1990 D{ominica}
43%
1953-1990 E{stonia}
43%
1983-1983 M{ozambique}
43%
1963-1965 S{ingapore}
43%
1997-2001 T{urkmenistan}
43%
1942-1945 I{ndonesia}
42%
1990-2013 P{araguay}
42%
1981-2019 B{elize}
41%
1993-1995 E{ritrea}
41%
1964-1966 G{hana}
41%
1922-1959 N{iger}
41%
1966-1977 S{olomon} I{slands}
41%
1999-2002 E{ast} T{imor}
40%
1917-1918 F{inland}
40%
1975-1978 G{reece}
40%
1940-1944 L{uxembourg}
40%
1959-1960 S{enegal}
40%
1982-1994 S{outh} A{frica}
40%
1830-1962 A{lgeria}
39%
2010-2012 M{alawi}
39%
1958-1962 J{amaica}
38%
1921-1956 M{orocco}
38%
1972-1980 S{yria}
38%
1952-1990 M{oldova}
37%
1982-1990 N{amibia}
37%
1959-1960 G{abon}
36%
1898-1958 G{uinea}
35%
1999-2008 K{osovo}
35%
1996-1997 T{uvalu}
35%
1900-1959 C{had}
34%
1896-1977 D{jibouti}
34%
1987-2006 L{esotho}
34%
1991-1992 T{ajikistan}
34%
1992-1993 C{ambodia}
33%
1996-2001 C{omoros}
33%
1992-1992 K{yrgyzstan}
33%
1810-1814 N{etherlands}
33%
1880-1947 P{akistan}
33%
1975-1990 B{enin}
32%
1943-1964 M{alta}
31%
1957-1965 C{anada}
30%
1858-1871 G{uatemala}
30%
1955-1966 G{uyana}
29%
1900-1960 N{igeria}
29%
1801-1965 G{ambia}
28%
1896-1958 M{adagascar}
28%
1958-1960 T{ogo}
28%
1942-1945 M{onaco}
27%
1817-1818 C{hile}
26%
1974-2010 M{yanmar}
26%
1990-2004 G{eorgia}
24%
1967-1974 G{renada}
24%
1977-1996 S{eychelles}
23%
1990-1992 C{zechia}
22%
1923-1968 M{auritius}
22%
1946-1960 S{omalia}
22%
1956-1970 S{udan}
22%
1885-1966 B{otswana}
21%
1946-1949 G{ermany}
20%
1994-2004 M{ontenegro}
19%
1959-1975 S{uriname}
16%
1959-1984 B{urkina Faso}
14%
No matching quizzes found
Score Distribution
Percent of People with Each Score
Percentile by Number Answered
Your Score History
You have not taken this quiz since the last reset